Too many, too long : (Record no. 63580)
[ view plain ]
| 000 -LEADER | |
|---|---|
| fixed length control field | 00599cam a22002053u 4500 |
| 001 - CONTROL NUMBER | |
| control field | 011657838 |
| 005 - DATE AND TIME OF LATEST TRANSACTION | |
| control field | 20170619150136.0 |
| 008 - FIXED-LENGTH DATA ELEMENTS--GENERAL INFORMATION | |
| fixed length control field | 850307s1985 xxu |b 001 | eng |
| 020 ## - INTERNATIONAL STANDARD BOOK NUMBER | |
| International Standard Book Number | 0847674126 |
| 040 ## - CATALOGING SOURCE | |
| Original cataloging agency | Uk |
| Transcribing agency | Uk |
| 082 0# - DEWEY DECIMAL CLASSIFICATION NUMBER | |
| Classification number | 362.8/7/09624 |
| Edition number | 19 |
| 100 1# - MAIN ENTRY--PERSONAL NAME | |
| Personal name | Rogge, John R. |
| 245 00 - TITLE STATEMENT | |
| Title | Too many, too long : |
| Remainder of title | Sudan's twenty-year refugee dilemma / |
| Statement of responsibility, etc | John R. Rogge. |
| 260 ## - PUBLICATION, DISTRIBUTION, ETC. (IMPRINT) | |
| Place of publication, distribution, etc | Totowa, NJ : |
| Name of publisher, distributor, etc | Rowman & Allanheld, |
| Date of publication, distribution, etc | 1985. |
| 650 #0 - SUBJECT ADDED ENTRY--TOPICAL TERM | |
| Topical term or geographic name as entry element | Refugees |
| Geographic subdivision | Sudan. |
| 651 #0 - SUBJECT ADDED ENTRY--GEOGRAPHIC NAME | |
| Geographic name | Sudan |
| General subdivision | Social conditions. |
| 690 7# - LOCAL SUBJECT ADDED ENTRY--TOPICAL TERM (OCLC, RLIN) | |
| Topical term or geographic name as entry element | Social Welfare |
| Source of heading or term | blcoll |
| 886 2# - FOREIGN MARC INFORMATION FIELD | |
| 2 | blmarc |
| a | 010 |
| b | 00 |
| a | 85002058 |
| 942 ## - ADDED ENTRY ELEMENTS (KOHA) | |
| Source of classification or shelving scheme | |
| Withdrawn status | Lost status | Source of classification or shelving scheme | Damaged status | Not for loan | Collection code | Home library | Current library | Shelving location | Date acquired | Source of acquisition | Cost, normal purchase price | Total Checkouts | Full call number | Barcode | Date last seen | Copy number | Price effective from | Koha item type |
|---|---|---|---|---|---|---|---|---|---|---|---|---|---|---|---|---|---|---|
| Library of Congress Classification | Special Collection | AIU/NEGST - Tony Wilmot Memorial Library | AIU/NEGST - Tony Wilmot Memorial Library | Special Collection | 06/21/2016 | Donation-SIL Sudan Library | 30.00 | S HV 640.5.S9R65 1985 | R35437J3232 | 09/26/2019 | 1 | 08/21/2017 | Special Collection |
